000 00302nam a22001217a 4500
008 170508b xxu||||| |||| 00| 0 eng d
041 _aeng
080 _24 ED
_a34
100 _a14
101 _aSHJ
245 _aLEGAL WRITING GETTING IT RIGHT AND GETTING
_cRAY.M.B
942 _2udc
_cBK
999 _c12925
_d12925